000 00687nam a2200253 i 4500
001 C2-0121292
003 PPAK
005 20180727113029.0
008 970818s1994 my a|||| ||||| | may d
020 _a9838030945
040 _aPPAK
_beng
_cPPAK
_erda
082 0 4 _a338.04
_223
090 0 0 _a338.04
_bSIT
_dK
100 0 _aSiti Zawiyah Zakaria,
_eauthor
245 1 0 _aPekedai dobi
264 1 _aPetaling Jaya, Selangor :
_bSetiamas ,
_c1994
300 _a31 pages :
_billustrations ;
_c21 cm
336 _2rdacontent
_atext
337 _2rdamedia
_aunmediated
338 _2rdacarrier
_avolume
490 1 _aSiri usahawan muda
830 0 _aSiri usahawan muda
942 _ddc
_cB
999 _c34348
_d34348